Dark Souls 1 Boss Soul Weapons - Statistics

General Stats
  • This quiz has been taken 9 times
  • The average score is 12 of 17
Answer Stats
Soul Required Answer % Correct
Soul of Quelaag Chaos Blade
100%
Soul of Ornstein Dragonslayer Spear
89%
Soul of Priscilla Lifehunt Scythe
89%
Soul of Quelaag Quelaag's Furysword
89%
Soul of Gwyndolin Darkmoon Bow
78%
Core of an Iron Golem Dragon Bone Fist
78%
Soul of Sif Greatsword of Artorias
78%
Soul of Smough Smough's Hammer
78%
Core of an Iron Golem Golem Axe
67%
Soul of Manus Manus Catalyst
67%
Soul of Artorias Abyss Greatsword
56%
Soul of Sif Cursed Greatsword of Artorias
56%
Soul of Gwyn, Lord of Cinder Great Lord Greatsword
56%
Soul of Sif Greatshield of Artorias
56%
Soul of the Moonlight Butterfly Moonlight Butterfly Horn
56%
Soul of the Moonlight Butterfly Crystal Ring Shield
33%
Soul of Gwyndolin Tin Darkmoon Catalyst
33%
No matching quizzes found
Score Distribution
Percent of People with Each Score
Percentile by Number Answered
Your Score History
You have not taken this quiz